Praktický včelár

Bibliographic Details
Format: Microfilm Journal
Language:Slovak

MARC

LEADER 00000nas a2200000 a 4500
001 vtls009005139
003 SK-MaSNL
005 20260221124444.0
007 hd af bacp
008 070704d19041908xo uu1paa 0 0slo
040 |a SNK  |b slo  |c SNK  |e AACR2 
245 0 0 |a Praktický včelár  |h mikroforma 
910 |a snk 
999 |c 12486  |d 14416 
952 |0 0  |1 0  |4 0  |7 1  |8 4  |a SNK  |b SNK  |d 2007-07-04  |i snk2007/16825  |l 0  |o snkSMFS 48/1904-1908  |r 2026-02-21 20:27:53  |w 2026-02-21  |y NEVYP